| 000 | 00611nam a22002177a 4500 | ||
|---|---|---|---|
| 005 | 20211123091720.0 | ||
| 008 | 211123b ||||| |||| 00| 0 eng d | ||
| 020 | _a8186019154 | ||
| 040 | _cAL | ||
| 082 |
_223 _a355.82 _bKART |
||
| 100 |
_aTara Kartha _910731 |
||
| 245 | _aTools of Terror: Light Weapons and India's Security | ||
| 260 |
_aNew Delhi _bKnowledge World _c1999 |
||
| 300 |
_ax,357 p. _bHB _c24x16 cm. |
||
| 650 |
_aMilitary Science _910732 |
||
| 650 |
_aLight Weapons _910733 |
||
| 650 |
_aDrugs _910734 |
||
| 650 |
_aSmall Arms _910735 |
||
| 700 |
_aKARTHA (Tara) _910736 |
||
| 942 |
_2ddc _cGF |
||
| 999 |
_c220709 _d220709 |
||